Champions League Teilnehmer 2022/2023 - Statistiken

Allgemein
  • Dieses Quiz wurde 2.215 mal gespielt
  • Das Durchschnittsergebnis liegt bei 23 aus 32
Antwortstatistiken
Gruppe Team % Korrekt
C FC Bayern München
98%
G Borussia Dortmund
96%
C FC Barcelona
94%
G Manchester City
94%
F Real Madrid
94%
C Inter Mailand
91%
A FC Liverpool
88%
F RB Leipzig
88%
H Paris Saint-Germain
86%
E FC Chelsea
84%
H Juventus Turin
82%
B Atlético Madrid
81%
D Eintracht Frankfurt
77%
A Ajax Amsterdam
75%
B Bayer 04 Leverkusen
75%
H Benfica Lissabon
75%
D Tottenham Hotspur
74%
E AC Mailand
72%
B FC Porto
72%
A SSC Neapel
71%
G FC Sevilla
69%
D Olympique Marseille
67%
D Sporting Lissabon
64%
E FC Salzburg
56%
G FC Kopenhagen
52%
B FC Brügge
51%
C Viktoria Pilsen
46%
F Celtic Glasgow
45%
A Glasgow Rangers
45%
F Schachtar Donezk
39%
E Dinamo Zagreb
36%
H Maccabi Haifa
34%
Keine übereinstimmenden Quizze gefunden
Verteilung der Resultate
Anzahl Personen mit jedem Resultat
Perzentil nach korrekt beantworteten Fragen
Ihre Resultats-Entwicklung
Sie haben dieses Quiz noch nicht gespielt